00835nam a2200253 i 4500001000300000003000900003005001700012008003900029015001700068040003500085080000800120100003700128245004200165250001700207260005600224300003300280380001700313490003700330504001200367650002600379710004200405830003600447856009800483bgKOSZ 00520200630132821.0080620s1961 pl a f 001 0 pol aPB 1961/6252 aWA NcKOSZ 005/RWdKOSZ 005/RW a5151 aOtto, Edwardd(1908-1986)eAutor10aGeometria wykreślna /cEdward Otto. aWyd. 3 popr. aWarszawa :bPaństwowe Wydawnictwo Naukowe,c1961. a270, [1] s. :bil. ;c25 cm. aKsiążki.1 aBiblioteka Matematyczna ;vt. 6. aIndeks. 4aGeometria wykreślna2 aPaństwowe Wydawnictwo Naukowe4pbl. 0aBiblioteka Matematyczna,vt. 6. uhttp://koha.tu.koszalin.pl/cgi-bin/koha/opac-detail.pl?biblionumber=10909yKatalog online BPK